| 000 | 00467nam a2200193Ia 4500 | ||
|---|---|---|---|
| 005 | 20240823033911.0 | ||
| 008 | 240823s9999||||xx |||||||||||||| ||und|| | ||
| 041 | _aENGLISH | ||
| 082 | _A005.133 N3 TUR | ||
| 100 | _a"James,Mike" | ||
| 245 | 0 | _aUsing TURBO BASIC | |
| 250 | _a1st | ||
| 260 |
_c1993 _b"Galgotia,New Delhi" |
||
| 500 | _aTransfered | ||
| 650 |
_aProgramming _bComputer Applications |
||
| 700 | _a" Ewbank,Kay" | ||
| 942 | _cBK | ||
| 999 |
_c196931 _d196931 |
||